[Event "Campeonato de España Universitario 2008"]
[Site "Madrid ESP"]
[Date "2008.05.09"]
[Round "4.8"]
[White "Pena Gomez, Manuel"]
[Black "Burguete Archel, Eduardo"]
[Result "0-1"]
[WhiteElo "2312"]
[BlackElo "2179"]
[PlyCount "91"]
[EventDate "2008.05.08"]
[EventType "swiss"]
[EventRounds "9"]
[EventCountry "ESP"]
[Source "lmi"]
[SourceDate "2008.05.08"]

1. c4 Nf6 2. Nc3 g6 3. g3 Bg7 4. Bg2 d6 5. e3 O-O 6. Nge2 e5 7. O-O Nbd7 8. Rb1
Nh5 9. d3 f5 10. f4 Nhf6 11. b4 Kh8 12. Nd5 c6 13. Ndc3 Rb8 14. Kh1 Qc7 15. e4
Nh5 16. d4 Ndf6 17. c5 exd4 18. cxd6 Qd8 19. Nxd4 Nxe4 20. Nxe4 fxe4 21. Nb3
Rf6 22. Be3 Rxd6 23. Qc2 Nf6 24. Bxa7 Ra8 25. Bc5 Rd3 26. Rbd1 Bf5 27. Na5 Qc7
28. Nc4 Nd5 29. Rde1 e3 30. Bd6 Qc8 31. Ne5 Rd2 32. Qc4 b5 33. Qxc6 Qxc6 34.
Nxc6 Raxa2 35. Bxd5 Rxd5 36. Rxe3 Rxd6 37. Re8+ Bf8 38. Rxf8+ Kg7 39. Rxf5 gxf5
40. Ne5 Rdd2 41. Nf3 Rdb2 42. Rc1 Rxb4 43. Nh4 Kf6 44. Rc6+ Kf7 45. Rc1 Rbb2
46. Nf3 0-1

[Event "Campeonato de España Universitario 2008"]
[Site "Madrid ESP"]
[Date "2008.05.09"]
[Round "4.9"]
[White "Almagro Llamas, Pablo"]
[Black "Perez Felipe, Marcos Adrian"]
[Result "1-0"]
[WhiteElo "2472"]
[BlackElo "2238"]
[PlyCount "143"]
[EventDate "2008.05.08"]
[EventType "swiss"]
[EventRounds "9"]
[EventCountry "ESP"]
[Source "lmi"]
[SourceDate "2008.05.08"]

1. e4 c5 2. Nf3 d6 3. d4 cxd4 4. Nxd4 e5 5. Nf3 Nf6 6. Bc4 Be7 7. Nc3 h6 8. O-O
O-O 9. Nh4 Nxe4 10. Nxe4 Bxh4 11. Nxd6 Nc6 12. Be3 Nd4 13. Bxd4 Qxd6 14. Be3
Qxd1 15. Raxd1 Bf5 16. Bd5 Bxc2 17. Rc1 Bd3 18. Rfd1 Be2 19. Rd2 Ba6 20. Rc7
Bd8 21. Rd7 Ba5 22. Rd1 Be2 23. Rc1 Rad8 24. Rxd8 Rxd8 25. Bxb7 Bd2 26. Rc7 Bc3
27. f3 Bxb2 28. Rc2 Rb8 29. Rxb2 Ba6 30. Bxa6 Rxb2 31. Bc4 a6 32. h4 Kf8 33.
Kh2 Ke7 34. Kh3 f5 35. Bb3 Re2 36. Bc5+ Kf6 37. Bb6 g5 38. Bd8+ Kg6 39. h5+ Kg7
40. Bc7 Kf6 41. Bd6 Re1 42. Kg3 e4 43. Kf2 Rh1 44. fxe4 fxe4 45. Bc4 Rd1 46.
Bb4 Rc1 47. Be2 Ke5 48. a3 Rc6 49. Ke3 Kd5 50. Bd1 Ke5 51. Bb3 Rc1 52. Bd2 Rg1
53. Bc3+ Kf5 54. Bc2 Kg4 55. Bxe4 Kxh5 56. a4 Rc1 57. Bd2 Rc4 58. a5 Rc7 59.
Kf3 Rf7+ 60. Kg3 Re7 61. Bf5 Re5 62. Bd3 Re6 63. Bf5 Re5 64. Bc2 Rd5 65. Be1
Re5 66. Kf2 Re6 67. Bd3 Rf6+ 68. Kg1 g4 69. Bf2 Rd6 70. Be2 Kg5 71. Bb6 g3 72.
Kf1 1-0

[Event "Campeonato de España Universitario 2008"]
[Site "Madrid ESP"]
[Date "2008.05.09"]
[Round "4.10"]
[White "Andres Gonzalez, Ivan"]
[Black "Martinez Martin, Iñigo"]
[Result "1-0"]
[WhiteElo "2324"]
[BlackElo "2228"]
[PlyCount "75"]
[EventDate "2008.05.08"]
[EventType "swiss"]
[EventRounds "9"]
[EventCountry "ESP"]
[Source "lmi"]
[SourceDate "2008.05.08"]

1. e4 e5 2. Nf3 Nf6 3. Nc3 Nc6 4. a3 d5 5. Bb5 d4 6. Ne2 Bd6 7. Ng3 Bd7 8. d3
h6 9. O-O g5 10. Re1 Ne7 11. Bc4 b5 12. Ba2 c5 13. c3 Ng6 14. Nf5 Qb6 15. cxd4
cxd4 16. Bd2 a5 17. Rc1 g4 18. N3h4 Nxh4 19. Nxh4 Be6 20. Bd5 Rc8 21. Bxe6 Rxc1
22. Qxc1 fxe6 23. Qc8+ Qd8 24. Qxe6+ Qe7 25. Qxe7+ Bxe7 26. Ng6 Rg8 27. Nxe5 b4
28. axb4 Bxb4 29. Bxb4 axb4 30. Rc1 Rg5 31. Nc6 Nd7 32. Nxd4 Ne5 33. Rd1 h5 34.
Kf1 Rg8 35. Ke2 Rg7 36. f4 Ng6 37. g3 Ra7 38. Rb1 1-0

[Event "Campeonato de España Universitario 2008"]
[Site "Madrid ESP"]
[Date "2008.05.09"]
[Round "4.11"]
[White "Almeida Toledano, Daniel"]
[Black "Aymerich Rosell, Pablo"]
[Result "1/2-1/2"]
[WhiteElo "2278"]
[BlackElo "2210"]
[PlyCount "64"]
[EventDate "2008.05.08"]
[EventType "swiss"]
[EventRounds "9"]
[EventCountry "ESP"]
[Source "lmi"]
[SourceDate "2008.05.08"]

1. e4 c5 2. Nf3 Nc6 3. d4 cxd4 4. Nxd4 Nf6 5. Nc3 e5 6. Ndb5 d6 7. Bg5 a6 8.
Na3 b5 9. Nab1 Be7 10. Bxf6 Bxf6 11. a4 b4 12. Nd5 Bg5 13. Bc4 O-O 14. O-O Be6
15. Qd3 a5 16. Nd2 Bxd2 17. Qxd2 Ne7 18. Ne3 Qc7 19. Qd3 Bxc4 20. Qxc4 Rac8 21.
Qxc7 Rxc7 22. Rfd1 f5 23. b3 fxe4 24. Rxd6 Nf5 25. Nxf5 Rxf5 26. Rd2 Rf6 27.
Re1 Rfc6 28. Ree2 Kf7 29. Kf1 Kf6 30. Ke1 Kf5 31. Kd1 Rh6 32. h3 Rhc6 1/2-1/2

[Event "Campeonato de España Universitario 2008"]
[Site "Madrid ESP"]
[Date "2008.05.09"]
[Round "4.12"]
[White "Camacho Collados, Jose"]
[Black "Medina Menendez, Eduardo Matias"]
[Result "1-0"]
[WhiteElo "2258"]
[BlackElo "2105"]
[PlyCount "37"]
[EventDate "2008.05.08"]
[EventType "swiss"]
[EventRounds "9"]
[EventCountry "ESP"]
[Source "lmi"]
[SourceDate "2008.05.08"]

1. Nf3 Nc6 2. e4 e5 3. Bb5 a6 4. Bxc6 dxc6 5. O-O f6 6. d4 exd4 7. Nxd4 c5 8.
Nb3 Qxd1 9. Rxd1 Bd6 10. Nc3 Be6 11. Be3 b6 12. a4 O-O-O 13. a5 Kb7 14. axb6
cxb6 15. e5 fxe5 16. Ne4 Be7 17. Nbxc5+ bxc5 18. Rxd8 Bxd8 19. Nxc5+ 1-0

[Event "Campeonato de España Universitario 2008"]
[Site "Madrid ESP"]
[Date "2008.05.09"]
[Round "4.13"]
[White "Claros Egea, Christian"]
[Black "Fidalgo Fernandez, Lucia"]
[Result "1/2-1/2"]
[WhiteElo "2240"]
[BlackElo "2093"]
[PlyCount "88"]
[EventDate "2008.05.08"]
[EventType "swiss"]
[EventRounds "9"]
[EventCountry "ESP"]
[Source "lmi"]
[SourceDate "2008.05.08"]

1. Nf3 d5 2. b3 Nf6 3. Bb2 Bf5 4. e3 e6 5. Be2 h6 6. O-O Be7 7. d3 O-O 8. c4 c6
9. cxd5 cxd5 10. Nd4 Bh7 11. f4 Nc6 12. Nxc6 bxc6 13. Nd2 Qb6 14. Rf3 Rfc8 15.
Kh1 a5 16. Rh3 Nd7 17. Qe1 a4 18. Qg3 Bf6 19. Bxf6 Nxf6 20. bxa4 Qb2 21. Rd1
Bg6 22. Qe1 Rxa4 23. g4 Ne8 24. Rg3 Rca8 25. h4 Qc2 26. Qf1 Qc3 27. Nf3 Rxa2
28. h5 Bh7 29. g5 hxg5 30. fxg5 Bf5 31. g6 fxg6 32. hxg6 Ra1 33. Nd4 Rxd1 34.
Bxd1 Qxd3 35. Qxd3 Bxd3 36. Bg4 Bxg6 37. Bxe6+ Bf7 38. Bxf7+ Kxf7 39. Nxc6 Nf6
40. Ne5+ Ke6 41. Nc6 Rg8 42. Rg5 g6 43. Kg2 Kd6 44. Nd4 Ne4 1/2-1/2

[Event "Campeonato de España Universitario 2008"]
[Site "Madrid ESP"]
[Date "2008.05.09"]
[Round "4.14"]
[White "Fernandez Losada, Daniel"]
[Black "Garrido Dominguez, Jesus"]
[Result "0-1"]
[WhiteElo "2173"]
[BlackElo "2324"]
[PlyCount "66"]
[EventDate "2008.05.08"]
[EventType "swiss"]
[EventRounds "9"]
[EventCountry "ESP"]
[Source "lmi"]
[SourceDate "2008.05.08"]

1. e4 c5 2. Nf3 Nc6 3. d4 cxd4 4. Nxd4 Qb6 5. Nb3 Nf6 6. Nc3 e6 7. Be2 Bb4 8.
O-O O-O 9. Be3 Qc7 10. Nb5 Qb8 11. c3 Be7 12. Qc2 d5 13. exd5 Nxd5 14. Bd3 h6
15. Bd2 Ne5 16. Be4 Nf6 17. Rae1 Nxe4 18. Qxe4 Ng6 19. f4 b6 20. N5d4 Bb7 21.
Qe2 Bd6 22. Qg4 Kh7 23. h4 Ne7 24. h5 Nd5 25. f5 Nf6 26. Qh4 Bg3 27. Qh3 Bxe1
28. Bxe1 e5 29. Nf3 Bxf3 30. Rxf3 Qb7 31. Bh4 Rad8 32. Kh2 Qe4 33. Rg3 Qf4 0-1

[Event "Campeonato de España Universitario 2008"]
[Site "Madrid ESP"]
[Date "2008.05.09"]
[Round "4.15"]
[White "Gavilan Diaz, Mario"]
[Black "Prieto Aranguren, Alain"]
[Result "1-0"]
[WhiteElo "2300"]
[BlackElo "2170"]
[PlyCount "45"]
[EventDate "2008.05.08"]
[EventType "swiss"]
[EventRounds "9"]
[EventCountry "ESP"]
[Source "lmi"]
[SourceDate "2008.05.08"]

1. e4 c6 2. Nc3 d5 3. Nf3 Bg4 4. h3 Bh5 5. g4 Bg6 6. exd5 cxd5 7. Bb5+ Nc6 8.
Ne5 Rc8 9. h4 d4 10. h5 Bxc2 11. Qf3 f6 12. Nxc6 bxc6 13. Bxc6+ Kf7 14. Nb5 a6
15. Na3 Qb6 16. Bb7 Rc7 17. Nxc2 Rxc2 18. Qb3+ Qe6+ 19. Qxe6+ Kxe6 20. Bxa6 Kd5
21. b3 Nh6 22. f3 e5 23. Bc4+ 1-0

[Event "Campeonato de España Universitario 2008"]
[Site "Madrid ESP"]
[Date "2008.05.09"]
[Round "4.16"]
[White "Rios Del Moral, Neftali"]
[Black "Lopez Del Alamo, Antonio"]
[Result "0-1"]
[WhiteElo "2170"]
[BlackElo "2299"]
[PlyCount "82"]
[EventDate "2008.05.08"]
[EventType "swiss"]
[EventRounds "9"]
[EventCountry "ESP"]
[Source "lmi"]
[SourceDate "2008.05.08"]

1. d4 Nf6 2. Nf3 g6 3. g3 Bg7 4. Bg2 O-O 5. O-O d6 6. b3 Nbd7 7. Bb2 e5 8. c4
e4 9. Nfd2 Re8 10. e3 Nf8 11. Nc3 Bf5 12. Qc2 Qe7 13. b4 h5 14. Nd5 Nxd5 15.
cxd5 Nh7 16. Rac1 Rac8 17. Qa4 a6 18. Qb3 h4 19. b5 axb5 20. Qxb5 Nf6 21. Ba3
b6 22. Rc3 Ra8 23. Qb3 hxg3 24. hxg3 Ra5 25. Bb4 Rxd5 26. Rc6 Rb5 27. a4 Be6
28. Qa3 Rh5 29. Rfc1 Nd5 30. Nxe4 Bh3 31. Bf3 Rf5 32. Bh1 Bh6 33. Bd2 Bg4 34.
Nxd6 Rf3 35. Nc4 Qg5 36. e4 Qxd2 37. Nxd2 Rxa3 38. exd5 Bxd2 39. R1c2 Re1+ 40.
Kh2 Rxh1+ 41. Kxh1 Bf3+ 0-1

[Event "Campeonato de España Universitario 2008"]
[Site "Madrid ESP"]
[Date "2008.05.09"]
[Round "4.17"]
[White "Perez Mauricio, Xoel"]
[Black "Piay Augusto, Diego"]
[Result "1/2-1/2"]
[WhiteElo "2168"]
[BlackElo "2281"]
[PlyCount "61"]
[EventDate "2008.05.08"]
[EventType "swiss"]
[EventRounds "9"]
[EventCountry "ESP"]
[Source "lmi"]
[SourceDate "2008.05.08"]

1. Nf3 Nf6 2. c4 e6 3. Nc3 d5 4. d4 b6 5. Bg5 Be7 6. e3 Bb7 7. Rc1 O-O 8. Bd3
h6 9. Bh4 c5 10. cxd5 cxd4 11. Nxd4 Nxd5 12. Bxe7 Qxe7 13. O-O Rd8 14. Qe2 Nb4
15. Bb1 N8c6 16. Nxc6 Bxc6 17. a3 Nd5 18. Rfd1 Nxc3 19. Rxc3 Rxd1+ 20. Qxd1 Rd8
21. Rd3 Rxd3 22. Bxd3 Qc5 23. Be2 a5 24. h3 Bd5 25. Kh2 g6 26. Qd2 h5 27. b4
axb4 28. Qxb4 Qc6 29. Bb5 Qc2 30. a4 Be4 31. Qd4 1/2-1/2

[Event "Campeonato de España Universitario 2008"]
[Site "Madrid ESP"]
[Date "2008.05.09"]
[Round "4.18"]
[White "Lopez Rodriguez, Walter"]
[Black "Vallejo Diaz, Jesus"]
[Result "0-1"]
[WhiteElo "2167"]
[BlackElo "2269"]
[PlyCount "42"]
[EventDate "2008.05.08"]
[EventType "swiss"]
[EventRounds "9"]
[EventCountry "ESP"]
[Source "lmi"]
[SourceDate "2008.05.08"]

1. Nf3 Nf6 2. g3 g6 3. Bg2 Bg7 4. d4 d6 5. O-O O-O 6. Nc3 Nbd7 7. e4 e5 8. h3
c6 9. a4 exd4 10. Nxd4 a5 11. Be3 Re8 12. Qd2 Nc5 13. Bg5 h6 14. Bxh6 Nfxe4 15.
Nxe4 Nxe4 16. Bxe4 Rxe4 17. Bxg7 Kxg7 18. Kg2 Qf6 19. c3 c5 20. Nb5 Bxh3+ 21.
Kxh3 Qf3 0-1

[Event "Campeonato de España Universitario 2008"]
[Site "Madrid ESP"]
[Date "2008.05.09"]
[Round "4.19"]
[White "Jimenez Lopez, Antonio"]
[Black "Bermejo Martinez, Jorge"]
[Result "1-0"]
[WhiteElo "2146"]
[BlackElo "2267"]
[PlyCount "69"]
[EventDate "2008.05.08"]
[EventType "swiss"]
[EventRounds "9"]
[EventCountry "ESP"]
[Source "lmi"]
[SourceDate "2008.05.08"]

1. e4 c5 2. Nf3 g6 3. c3 Bg7 4. h3 a6 5. a4 d5 6. e5 f6 7. d4 Nc6 8. exf6 Nxf6
9. dxc5 e5 10. Be3 O-O 11. Be2 Nh5 12. Bg5 Bf6 13. Bxf6 Rxf6 14. g3 Be6 15. Nh2
Ng7 16. Ng4 Bxg4 17. hxg4 Ne6 18. Nd2 Qf8 19. b4 Rd8 20. f3 a5 21. Rb1 axb4 22.
cxb4 Ncd4 23. O-O Qh6 24. Kg2 Rdf8 25. Nb3 Qe3 26. Rb2 Qh6 27. Nxd4 Nxd4 28. f4
Nxe2 29. Rxe2 exf4 30. Qxd5+ Kh8 31. g5 Qh5 32. Rd2 f3+ 33. Kf2 Qh2+ 34. Ke3
Re8+ 35. Kd3 1-0

[Event "Campeonato de España Universitario 2008"]
[Site "Madrid ESP"]
[Date "2008.05.09"]
[Round "4.20"]
[White "Ivanovitch Balsinde, Nicolas M"]
[Black "Rivas Vila, David"]
[Result "0-1"]
[WhiteElo "2141"]
[BlackElo "2242"]
[PlyCount "104"]
[EventDate "2008.05.08"]
[EventType "swiss"]
[EventRounds "9"]
[EventCountry "ESP"]
[Source "lmi"]
[SourceDate "2008.05.08"]

1. e4 c5 2. Nf3 Nc6 3. d4 cxd4 4. Nxd4 g6 5. Nc3 Bg7 6. Be3 Nf6 7. Bc4 Qa5 8.
O-O O-O 9. Nb3 Qc7 10. Bg5 b6 11. f4 Na5 12. Nxa5 bxa5 13. Qe2 Kh8 14. Kh1 Bb7
15. e5 Ng8 16. Rad1 Rac8 17. Bb3 f6 18. exf6 exf6 19. Bh4 Nh6 20. Qd2 Nf5 21.
Bf2 Rfd8 22. Nd5 Bxd5 23. Qxd5 Rb8 24. Rfe1 a4 25. Bxa4 Qxf4 26. Bxa7 Ra8 27.
Bb6 Qxa4 28. Bxd8 Rxd8 29. Qf7 d6 30. b3 Qc6 31. c4 Rf8 32. Qd5 Qa6 33. a4 h5
34. Qb5 Qa8 35. Qd5 Qa7 36. Qf3 Rb8 37. Rd3 Kh7 38. Red1 Re8 39. h3 h4 40. Qg4
Qf2 41. Rf3 Re1+ 42. Rxe1 Qxe1+ 43. Kh2 Qe5+ 44. Kg1 Bh6 45. Rxf5 gxf5 46. Qxh4
Kg6 47. g4 Be3+ 48. Kf1 Bg5 49. gxf5+ Qxf5+ 50. Qf2 Qxh3+ 51. Qg2 Qxb3 52. Qe4+
Kh6 0-1

[Event "Campeonato de España Universitario 2008"]
[Site "Madrid ESP"]
[Date "2008.05.09"]
[Round "4.21"]
[White "Perez Campos, Adria"]
[Black "Amate Tortosa, Bernardo"]
[Result "1/2-1/2"]
[WhiteElo "2229"]
[BlackElo "2116"]
[PlyCount "115"]
[EventDate "2008.05.08"]
[EventType "swiss"]
[EventRounds "9"]
[EventCountry "ESP"]
[Source "lmi"]
[SourceDate "2008.05.08"]

1. c4 Nf6 2. Nc3 g6 3. g3 Bg7 4. Bg2 O-O 5. e4 e5 6. Nge2 a5 7. d3 Na6 8. O-O
d6 9. Rb1 Nc5 10. b3 Nh5 11. Be3 c6 12. f4 Ne6 13. d4 Bh6 14. Qd2 exf4 15. gxf4
Qh4 16. Rf3 f5 17. e5 dxe5 18. dxe5 Rd8 19. Qe1 Qxe1+ 20. Rxe1 Rd3 21. Rd1
Rxd1+ 22. Nxd1 Bd7 23. Rf1 Be8 24. Nb2 Rd8 25. Rf3 b5 26. Kf2 Ra8 27. a4 Rc8
28. axb5 cxb5 29. Bd2 Bc6 30. Rd3 Bxg2 31. Kxg2 Nexf4+ 32. Bxf4 Bxf4 33. Rd5
bxc4 34. bxc4 a4 35. Nd3 Rxc4 36. e6 Bg5 37. Rd7 Re4 38. Nd4 Ng7 39. Nc5 Re5
40. Rc7 Ne8 41. Rc8 Kg7 42. Nf3 Rxc5 43. Rxc5 Be7 44. Ra5 a3 45. Nd4 Kf6 46.
Ra7 Bc5 47. Rf7+ Ke5 48. Nb3 Kxe6 49. Rxh7 Be7 50. Nd4+ Kf6 51. Nc2 Nc7 52.
Nxa3 Bxa3 53. Rxc7 g5 54. Rc6+ Ke5 55. Ra6 Bc1 56. Ra5+ Kf4 57. Ra1 Bd2 58. Ra2
1/2-1/2

[Event "Campeonato de España Universitario 2008"]
[Site "Madrid ESP"]
[Date "2008.05.09"]
[Round "4.22"]
[White "Hajmohamad Ali, Ehsan"]
[Black "Valles Mata, David"]
[Result "1-0"]
[WhiteElo "2227"]
[BlackElo "2113"]
[PlyCount "79"]
[EventDate "2008.05.08"]
[EventType "swiss"]
[EventRounds "9"]
[EventCountry "ESP"]
[Source "lmi"]
[SourceDate "2008.05.08"]

1. e4 e6 2. d4 d5 3. Nd2 c5 4. Ngf3 cxd4 5. exd5 Qxd5 6. Bc4 Qd6 7. O-O Nf6 8.
Nb3 Nc6 9. Nbxd4 Nxd4 10. Nxd4 a6 11. c3 Be7 12. Qf3 O-O 13. Re1 Qc7 14. Bd3
Bd6 15. Qh3 Bf4 16. Qh4 Bxc1 17. Raxc1 Qa5 18. Qg3 Qxa2 19. Rc2 Qa5 20. Rce2
Bd7 21. Re5 Qb6 22. R1e2 Rac8 23. Rg5 g6 24. Qh4 Kg7 25. Nf3 Rc5 26. Ne5 Bb5
27. c4 Ba4 28. Rg3 Qa5 29. Rf3 Nh5 30. b4 Qxb4 31. Qe7 Be8 32. g4 Qa5 33. gxh5
Kg8 34. Qf6 Qa1+ 35. Kg2 Rxe5 36. Rxe5 Bc6 37. h6 Bxf3+ 38. Kxf3 Qd1+ 39. Re2
Qxd3+ 40. Kg2 1-0

[Event "Campeonato de España Universitario 2008"]
[Site "Madrid ESP"]
[Date "2008.05.09"]
[Round "4.23"]
[White "Hidalgo Duque, Carlos"]
[Black "Navarro Ortiz De Ortuño, Borja Ed"]
[Result "1-0"]
[WhiteElo "2134"]
[BlackElo "2224"]
[PlyCount "83"]
[EventDate "2008.05.08"]
[EventType "swiss"]
[EventRounds "9"]
[EventCountry "ESP"]
[Source "lmi"]
[SourceDate "2008.05.08"]

1. Nf3 d5 2. d4 Nf6 3. c4 c6 4. e3 a6 5. Nbd2 b5 6. b3 Bf5 7. Ne5 h6 8. Be2
Nfd7 9. f4 e6 10. O-O Be7 11. a4 bxc4 12. bxc4 O-O 13. a5 f6 14. Nd3 Kh8 15.
Qa4 c5 16. Ba3 cxd4 17. Bxe7 Qxe7 18. exd4 dxc4 19. Nxc4 Ra7 20. Rac1 Rd8 21.
Rfd1 Be4 22. Nb6 Bxd3 23. Rxd3 Nxb6 24. axb6 Rb7 25. Rb3 Qd6 26. Rcb1 Qxf4 27.
Bf3 Rbd7 28. Rb4 Qg5 29. b7 Rc7 30. Rc4 Qe3+ 31. Kh1 Rxc4 32. Qxc4 f5 33. h3 a5
34. Qc7 Rg8 35. Qxa5 Qxd4 36. Rd1 Qf6 37. Qc7 e5 38. Rd6 Qh4 39. Bd5 Qe1+ 40.
Kh2 f4 41. Rg6 Kh7 42. Rg4 1-0

[Event "Campeonato de España Universitario 2008"]
[Site "Madrid ESP"]
[Date "2008.05.09"]
[Round "4.24"]
[White "Mayans Calvo, Mariano"]
[Black "Ruiz Garcia, Mario"]
[Result "1-0"]
[WhiteElo "2223"]
[BlackElo "2107"]
[PlyCount "117"]
[EventDate "2008.05.08"]
[EventType "swiss"]
[EventRounds "9"]
[EventCountry "ESP"]
[Source "lmi"]
[SourceDate "2008.05.08"]

1. c4 Nf6 2. g3 d6 3. Bg2 Nbd7 4. d4 e5 5. e3 Be7 6. Ne2 O-O 7. Nbc3 c6 8. O-O
a5 9. Rb1 Nb6 10. Qd3 exd4 11. Nxd4 d5 12. cxd5 Nbxd5 13. Rd1 Nxc3 14. bxc3 a4
15. c4 Qa5 16. Ba3 Bxa3 17. Qxa3 Qh5 18. Rd2 Ng4 19. Nf3 Ne5 20. Nxe5 Qxe5 21.
c5 Ra5 22. Rc1 Be6 23. f4 Qh5 24. Qc3 Ra7 25. e4 Bh3 26. Bh1 Bg4 27. Qc4 Bf3
28. Bxf3 Qxf3 29. Qd3 Qh5 30. a3 h6 31. Kg2 Ra5 32. e5 Rb5 33. Rb1 Rxb1 34.
Qxb1 Rb8 35. Qe4 Qg4 36. Qxa4 Qf5 37. Qc2 Qxc2 38. Rxc2 Ra8 39. Rc3 Ra4 40. Kf3
Kf8 41. g4 g6 42. h4 h5 43. gxh5 gxh5 44. Ke3 Ke8 45. Rb3 Kf8 46. Rxb7 Rxa3+
47. Ke4 Rc3 48. Kf5 Kg7 49. Kg5 Rxc5 50. Kxh5 Rc1 51. e6 Rg1 52. Rxf7+ Kg8 53.
Rf5 Re1 54. Re5 Rxe5+ 55. fxe5 c5 56. Kg5 c4 57. Kf4 c3 58. Ke3 Kf8 59. h5 1-0

[Event "Campeonato de España Universitario 2008"]
[Site "Madrid ESP"]
[Date "2008.05.09"]
[Round "4.25"]
[White "Sanchez Saez, Francisco"]
[Black "Gomez Gomez, Francisco Javier"]
[Result "1-0"]
[WhiteElo "2219"]
[BlackElo "2097"]
[PlyCount "43"]
[EventDate "2008.05.08"]
[EventType "swiss"]
[EventRounds "9"]
[EventCountry "ESP"]
[Source "lmi"]
[SourceDate "2008.05.08"]

1. e4 c5 2. Nf3 e6 3. d4 cxd4 4. Nxd4 Nf6 5. Bd3 Nc6 6. Nxc6 bxc6 7. O-O d5 8.
Nd2 Be7 9. Qe2 O-O 10. b3 Re8 11. Bb2 Bf8 12. Rad1 a5 13. e5 Nd7 14. f4 g6 15.
Qg4 Nc5 16. Rf3 Nxd3 17. Rxd3 a4 18. Ne4 Qb6+ 19. Bd4 c5 20. Nf6+ Kh8 21. Rh3
h6 22. Qg5 1-0

[Event "Campeonato de España Universitario 2008"]
[Site "Madrid ESP"]
[Date "2008.05.09"]
[Round "4.26"]
[White "Gimeno Higueras, Roberto"]
[Black "Pavon Cardenas, Jesus M"]
[Result "1-0"]
[WhiteElo "2219"]
[BlackElo "2093"]
[PlyCount "57"]
[EventDate "2008.05.08"]
[EventType "swiss"]
[EventRounds "9"]
[EventCountry "ESP"]
[Source "lmi"]
[SourceDate "2008.05.08"]

1. e4 e5 2. Nf3 Nc6 3. Bb5 a6 4. Bxc6 dxc6 5. O-O Bg4 6. h3 Bxf3 7. Qxf3 Qf6 8.
Qe3 Bd6 9. b3 Ne7 10. Na3 O-O 11. c3 Qg6 12. d4 f6 13. Bb2 Kh8 14. Rad1 f5 15.
Nc4 exd4 16. Qxd4 Bf4 17. Ba3 c5 18. Qd7 Nc6 19. Bxc5 Rf7 20. exf5 Rxf5 21. Be3
Ne5 22. Nxe5 Bxe5 23. Bd4 Rf7 24. Qd5 Bd6 25. Qxb7 Raf8 26. Qd5 Rf3 27. Bc5
R8f5 28. Qa8+ Rf8 29. Qxa6 1-0

[Event "Campeonato de España Universitario 2008"]
[Site "Madrid ESP"]
[Date "2008.05.09"]
[Round "4.27"]
[White "Tierraseca Montero, Pablo"]
[Black "Paredes Sanchez, Juan"]
[Result "1-0"]
[WhiteElo "2111"]
[BlackElo "2215"]
[PlyCount "40"]
[EventDate "2008.05.08"]
[EventType "swiss"]
[EventRounds "9"]
[EventCountry "ESP"]
[Source "lmi"]
[SourceDate "2008.05.08"]

1. e4 c5 2. b3 Nc6 3. Bb2 e5 4. Bb5 Nge7 5. Ne2 a6 6. Bxc6 Nxc6 7. O-O g6 8. f4
Bg7 9. Nbc3 d6 10. f5 gxf5 11. exf5 d5 12. Ng3 e4 13. d3 Bxc3 14. Bxc3 d4 15.
Be1 e3 16. Ne4 b6 17. Qh5 Kd7 18. Qxf7+ Qe7 19. Qd5+ Kc7 20. Bg3+ Kb7 1-0

[Event "Campeonato de España Universitario 2008"]
[Site "Madrid ESP"]
[Date "2008.05.09"]
[Round "4.28"]
[White "Martin Alvarez, Iñigo"]
[Black "Graña Lois, Jorge"]
[Result "1-0"]
[WhiteElo "2214"]
[BlackElo "2085"]
[PlyCount "92"]
[EventDate "2008.05.08"]
[EventType "swiss"]
[EventRounds "9"]
[EventCountry "ESP"]
[Source "lmi"]
[SourceDate "2008.05.08"]

1. e4 e6 2. d4 d5 3. e5 c5 4. Nf3 Nc6 5. Bd3 Nge7 6. Bf4 Nf5 7. dxc5 Bxc5 8.
Nc3 Nh4 9. O-O Nxf3+ 10. Qxf3 Qh4 11. Bg3 Qg5 12. h4 Qh6 13. Rfe1 O-O 14. Na4
Be7 15. Bf4 Qxh4 16. g3 Qh3 17. Bf1 Qf5 18. Bd3 Qh3 19. Bf1 Qf5 20. Qh1 Qxc2
21. b3 f5 22. Re2 Qd3 23. Rd2 Qe4 24. Bg2 Qb4 25. Rc2 Qa5 26. Qh5 Bd7 27. Bd2
Qd8 28. Re1 Be8 29. Qh3 Nd4 30. Rcc1 Bxa4 31. bxa4 Rc8 32. Rb1 b6 33. Kh2 Rf7
34. Rh1 Rc2 35. Be3 Bc5 36. Kg1 g6 37. Kf1 Ne2 38. Bxc5 bxc5 39. Qh6 f4 40. Bf3
Nd4 41. Bd1 Rxa2 42. gxf4 Qf8 43. Qh3 Nc6 44. Qxe6 Nb4 45. Bb3 Rd2 46. Rh4 Rd4
1-0

[Event "Campeonato de España Universitario 2008"]
[Site "Madrid ESP"]
[Date "2008.05.09"]
[Round "4.29"]
[White "Martinez Lozano, Miguel Angel"]
[Black "Fernandez Blazquez, Diego"]
[Result "0-1"]
[WhiteElo "2209"]
[BlackElo "2068"]
[PlyCount "64"]
[EventDate "2008.05.08"]
[EventType "swiss"]
[EventRounds "9"]
[EventCountry "ESP"]
[Source "lmi"]
[SourceDate "2008.05.08"]

1. e4 c5 2. Nf3 d6 3. d4 cxd4 4. Nxd4 Nf6 5. Nc3 a6 6. Be2 e5 7. Nb3 Be7 8. Be3
Be6 9. g4 h6 10. Rg1 b5 11. Qd3 Nbd7 12. Nd5 Bxd5 13. exd5 Nb6 14. Bxb6 Qxb6
15. a4 O-O 16. a5 Qb7 17. O-O-O Nh7 18. Kb1 Bg5 19. Bf3 Nf6 20. Be4 Nxe4 21.
Qxe4 Rac8 22. Rh1 Rc4 23. Qe2 Rfc8 24. Na1 Qe7 25. b3 Rf4 26. f3 e4 27. Rd4 Bf6
28. Rxe4 Rxe4 29. Qxe4 Qc7 30. Qb4 Bc3 31. Qa3 b4 32. Qa2 Qe7 0-1

[Event "Campeonato de España Universitario 2008"]
[Site "Madrid ESP"]
[Date "2008.05.09"]
[Round "4.30"]
[White "Cabrero De Cabo, Miguel"]
[Black "Zamarbide Iñarrea, Borja"]
[Result "1-0"]
[WhiteElo "2102"]
[BlackElo "2202"]
[PlyCount "38"]
[EventDate "2008.05.08"]
[EventType "swiss"]
[EventRounds "9"]
[EventCountry "ESP"]
[Source "lmi"]
[SourceDate "2008.05.08"]

1. e4 e6 2. d4 d5 3. e5 c5 4. c3 Qb6 5. Nf3 Nc6 6. a3 cxd4 7. cxd4 Nge7 8. Nc3
Nf5 9. Na4 Qc7 10. b4 f6 11. Bb2 fxe5 12. dxe5 a6 13. Rc1 Be7 14. Bd3 O-O 15.
O-O Qd8 16. Nc5 Qe8 17. Qc2 Qh5 18. Nxa6 bxa6 19. Qxc6 Ra7 1-0

[Event "Campeonato de España Universitario 2008"]
[Site "Madrid ESP"]
[Date "2008.05.09"]
[Round "4.32"]
[White "Plasencia Martinez, Victor"]
[Black "Garcia Mendoza, Francisco"]
[Result "1-0"]
[WhiteElo "2088"]
[BlackElo "2195"]
[PlyCount "83"]
[EventDate "2008.05.08"]
[EventType "swiss"]
[EventRounds "9"]
[EventCountry "ESP"]
[Source "lmi"]
[SourceDate "2008.05.08"]

1. e4 c5 2. Nf3 d6 3. d4 cxd4 4. Nxd4 Nf6 5. Nc3 g6 6. Be3 Bg7 7. f3 O-O 8. Qd2
Nc6 9. Bc4 Bd7 10. O-O-O Rc8 11. Bb3 Ne5 12. h4 h5 13. Kb1 Nc4 14. Bxc4 Rxc4
15. Nde2 Qc8 16. Bh6 b5 17. Bxg7 Kxg7 18. Nf4 Be6 19. Nxb5 Qd7 20. Nd4 Rb8 21.
Ndxe6+ fxe6 22. e5 Ne8 23. b3 d5 24. Nxg6 Kxg6 25. Qd3+ Kg7 26. Qxc4 Nc7 27.
Rh3 dxc4 28. Rxd7 Nd5 29. Kc1 c3 30. Rh1 a5 31. Rd1 Rb5 32. Rd4 Kg6 33. g4 Nb4
34. a3 Nc6 35. Rd1 Nxe5 36. Rxe7 Nxf3 37. gxh5+ Kf6 38. Rc7 Rxh5 39. Rf1 Rf5
40. Rxc3 Nxh4 41. Rxf5+ exf5 42. b4 1-0